000 01012cab a22001935a 4500
001 L146752
008 090224e20090220xxka f 000 0 eng d
035 _a(Sirsi) u146752
041 0 _aeng
100 1 _aEade, Christine
245 0 0 _aRegional report
_bBristol, Bath and Swindon
260 _c2009
490 0 _aProperty Week
_v75(8) 20 February 2009, 69-85(8)
520 _aReviews local developments and news. Reports on how Bristol's Mall Galleries are struggling to cope with the effects of the recession and how underground car parks are the focus of activity as developers wait for the market to pick up. Reveals the crisis in retailing has spread to the logistics market and that land has been bought by Ashfield Land without planning consent. Reports on the office market in Swindon and how retailers in Bath have benefitted from the opening of the spa.
590 _aKA
651 4 _aSouth West (England)
_y1994-
690 _aPROPERTY-COMMERCIAL PROPERTY-COMMERCIAL PROPERTY MARKET
942 _n0
999 _c81275
_d81275